| 000 | 01446 a2200337 4500 | ||
|---|---|---|---|
| 003 | OSt | ||
| 005 | 20240229073949.0 | ||
| 007 | ta | ||
| 008 | 201117e2020 dr ac||eri||| 001 0dspa d | ||
| 020 | _a9789945616590 | ||
| 040 |
_cBNPHU _aDO-SdBNP _bspa _dBNPHU |
||
| 041 | _hspa | ||
| 082 |
_aBNPHU- xxx _bR616e |
||
| 100 | 1 |
_aRivadulla, Mario _956604 |
|
| 245 | 1 | 3 |
_aEl apóstol y el héroe / _cJosé Rafael Lantigua , prólogo |
| 260 |
_aSanto Domingo : _bFUNGLODE , _c2020 |
||
| 300 |
_a165 pg. _bil. retratos, fotos ; _c22 cm |
||
| 490 | _aPolítica | ||
| 501 | _aIncluye dato biográfico del autor en la solapa.- | ||
| 501 | _aIncluye lista de fotos.- | ||
| 505 | 0 | _aLista de fotos.- agradecimiento.- | |
| 505 | 0 |
_aJosé Rafael Lantigua : _tPrólogo : Martí y el vínculo dominicano. preludio a dos biografías ilustres |
|
| 505 | 0 | _aIntroducción.- | |
| 505 | 0 |
_aJosé Martí : _tEl apóstol.- el apóstol en fotos.- |
|
| 505 | 0 |
_aMáximo Gómez : _tel héroe.- el héroe en fotos.- |
|
| 505 | 0 | _aFiguras notables, hechos y documentos de las guerras independentistas de Cuba. | |
| 505 | 0 |
_aDocumentos : _tManifiesto de la junta revolucionaria de la isla de Cuba.- _tCarta de José Martí al general Máximo Gómez.- _tManifiesto de Montecristi.- _tCarta de José Martí a Federico Henríquez y Carvajal.- |
|
| 700 | 1 |
_aLantigua, José Rafael, _d1949- _e prólogo . _91438 |
|
| 710 |
_aFundación Global _977636 |
||
| 942 |
_2ddc _cLBS1 |
||
| 999 |
_c49142 _d49142 |
||